| Tag |
First Indicator |
Second Indicator |
Subfields |
| LEADER |
00000cam a2200000 i 4500 |
| 001 |
in00002325317 |
| 005 |
20151108041213.0 |
| 008 |
070810s2007 au 000 1 ger d |
| 020 |
|
|
|a 9783552054103 (hd.bd.)
|
| 020 |
|
|
|a 3552054103 (hd.bd.)
|
| 035 |
|
|
|a (OCoLC)ocn164112983
|
| 040 |
|
|
|a OHX
|c OHX
|d COO
|d TXA
|d UtOrBLW
|
| 049 |
|
|
|a TXAM
|
| 090 |
|
|
|a PT2666.R3532
|b L54 2007
|
| 100 |
0 |
|
|a Franzobel,
|d 1967-
|
| 245 |
1 |
0 |
|a Liebsgeschichte :
|b Roman /
|c Franzobel.
|
| 264 |
|
1 |
|a Wien :
|b Paul Zsolnay,
|c [2007]
|
| 264 |
|
4 |
|c ©2007
|
| 300 |
|
|
|a 220 pages ;
|c 21 cm.
|
| 336 |
|
|
|a text
|b txt
|2 rdacontent
|
| 337 |
|
|
|a unmediated
|b n
|2 rdamedia
|
| 338 |
|
|
|a volume
|b nc
|2 rdacarrier
|
| 948 |
|
|
|a cataloged
|b h
|c 2007/9/3
|d c
|e dmitchel
|f 3:30:30 pm
|
| 994 |
|
|
|a C0
|b TXA
|
| 999 |
|
|
|a MARS
|
| 999 |
f |
f |
|s 1ce033ed-da36-310f-9639-d46c31dac278
|i 6797d14d-7299-3e6e-b52e-1597a8ea74fd
|t 0
|
| 952 |
f |
f |
|p normal
|a Texas A&M University
|b College Station
|c Sterling C. Evans Library
|d Evans: Library Stacks
|t 0
|e PT2666.R3532 L54 2007
|h Library of Congress classification
|i unmediated -- volume
|m A14836338242
|
| 998 |
f |
f |
|a PT2666.R3532 L54 2007
|t 0
|l Evans: Library Stacks
|